Normal view MARC view
  • Poetry

Entry Topical Term

Number of records used in: 1

001 - CONTROL NUMBER

  • control field: 97974

003 - CONTROL NUMBER IDENTIFIER

  • control field: NUST

005 - DATE AND TIME OF LATEST TRANSACTION

  • control field: 20220818115912.0

008 - FIXED-LENGTH DATA ELEMENTS

  • fixed length control field: 220818|| aca||aabn | a|a d

040 ## - CATALOGING SOURCE

  • Original cataloging agency: NUST
  • Transcribing agency: NUST

150 ## - HEADING--TOPICAL TERM

  • Topical term or geographic name entry element: Poetry
  • General subdivision: Authorship
  • Form subdivision: Problems, exercises, etc

670 ## - SOURCE DATA FOUND

  • Source citation: Work cat.: (NUST)0: Vaughn, Kyle, author. 97973, Lightning paths :
© 2023 Central Library, National University of Sciences and Technology. All Rights Reserved.